000 01335cam a22003497a 4500
001 4705
003 BD-RjUL
005 20211208233936.0
008 131223s2007 enka b 001 0 eng
020 _a9780470025772 (hard)
020 _a0470025778 (hard)
020 _a0470025786 (pbk.)
020 _a9780470025789 (pbk.)
035 _a(BD-RjUL)4740
040 _aUKM
_cUKM
_dBAKER
_dBWKUK
_dYDXCP
_dBTCTA
_dIXA
_dDLC
_dBD-RjUL
_beng
041 _aeng
082 0 4 _a628.5
_222
_bDEB
100 1 _aDean, John R.
_914833
245 1 0 _aBioavailability, bioaccessibility and mobility of environmental contaminants /
_cJohn R. Dean.
260 _aWest Sussex, England :
_bJohn Wiley,
_cc2007.
300 _axxi, 292 p. :
_bill. ;
_c23 cm.
504 _aIncludes bibliographical references and index.
650 0 _aPollutants.
_914835
650 0 _aBioavailability.
_914836
856 4 2 _3Contributor biographical information
_uhttp://www.loc.gov/catdir/enhancements/fy0745/2007532774-b.html
856 4 2 _3Publisher description
_uhttp://www.loc.gov/catdir/enhancements/fy0745/2007532774-d.html
856 4 1 _3Table of contents only
_uhttp://www.loc.gov/catdir/enhancements/fy0745/2007532774-t.html
942 _2ddc
_cBK
999 _c4705
_d4705